000 00628nam a2200193 ar4500
001 1427
005 20221127090221.0
008 090805s su 00010|ara d
020 _a9960431584
082 0 4 _a658.312
_bع488
100 1 _aالعتيبي، محمد زويد.
245 1 2 _aالطريق الى التميز /
_cتاليف محمد زويد العتيبي.
250 _aط. 1.
260 _aالرياض :
_bالدار العربية،
_c2003.
300 _a96 ص. ؛
_b21 سم.
504 _aيتضمن ببليوجرافيا.
650 4 _aادارة الافراد.
650 4 _aالقيادة الادارية.
999 _c1425
_d1425